FORENSIC MEDICINE UNDER INDIAN SYSTEM OF MEDICINE (Record no. 11637)

MARC details
000 -LEADER
fixed length control field 00375nam a22001577a 4500
003 - CONTROL NUMBER IDENTIFIER
control field SGT
020 ## - INTERNATIONAL STANDARD BOOK NUMBER
International Standard Book Number 98-93-83420-54-4
082 ## - DEWEY DECIMAL CLASSIFICATION NUMBER
Classification number 614.1
Item number F15K
100 ## - MAIN ENTRY--PERSONAL NAME
Personal name KARMAKAR, RABINDRA NATH
245 ## - TITLE STATEMENT
Title FORENSIC MEDICINE UNDER INDIAN SYSTEM OF MEDICINE
250 ## - EDITION STATEMENT
Edition statement 5TH
260 ## - PUBLICATION, DISTRIBUTION, ETC. (IMPRINT)
Place of publication, distribution, etc KOLKATA
Name of publisher, distributor, etc ACADEMIC PUB.
Year of Publication 2015
300 ## - PAGE DESCRIPTION
No. of Pages 603
650 ## - SUBJECT ADDED ENTRY--TOPICAL TERM
Topical term or geographic name as entry element AYURVEDA
942 ## - ADDED ENTRY ELEMENTS (KOHA)
Source of classification or shelving scheme Dewey Decimal Classification
Koha item type Books
942 ## - ADDED ENTRY ELEMENTS (KOHA)
-- 9
Holdings
Withdrawn status Lost status Source of classification or shelving scheme Damaged status Use restrictions Not for loan Collection code Home library Current library Shelving location Date acquired Vendor Name Cost, normal purchase price SGTU Bill Number Full call number Accession No. (Barcode) Date last seen Bill Date Koha item type Total Checkouts Date last borrowed
    Dewey Decimal Classification   Restricted Access   AYURVEDA SGT FA-FP Library SGT FA-FP Library Reference Book 31/05/2017 AHUJA PUB 595.00 SGTU 8044 614.1 F15K FA6617 31/05/2017 11/04/2017 Books    
    Dewey Decimal Classification       AYURVEDA SGT FA-FP Library SGT FA-FP Library Text Book 31/05/2017 AHUJA PUB 595.00 SGTU 8044 614.1 F15K FA6618 10/04/2024 11/04/2017 Books 6 30/03/2024
    Dewey Decimal Classification       AYURVEDA SGT FA-FP Library SGT FA-FP Library Text Book 31/05/2017 AHUJA PUB 595.00 SGTU 8044 614.1 F15K FA6619 31/05/2017 11/04/2017 Books    
    Dewey Decimal Classification       AYURVEDA SGT FA-FP Library SGT FA-FP Library Text Book 31/05/2017 AHUJA PUB 595.00 SGTU 8044 614.1 F15K FA6620 24/11/2023 11/04/2017 Books 1 21/11/2023
    Dewey Decimal Classification       AYURVEDA SGT FA-FP Library SGT FA-FP Library Text Book 31/05/2017 AHUJA PUB 595.00 SGTU 8044 614.1 F15K FA6621 04/01/2025 11/04/2017 Books 2 23/12/2024